Wheel of Time Books Quiz Stats

 Plays Quiz Updated Oct 20, 2021

Support Sporcle.
Go Orange.
Score 0/15 Timer 03:00
0 Plays Today
Book Title % Correct
Book 1The Eye of the World
89.9%
Book 2The Great Hunt
84.3%
Book 3The Dragon Reborn
83.8%
PrequelNew Spring
75.1%
Book 14A Memory of Light
72.6%
Book 8The Path of Daggers
71.7%
Book 9Winter's Heart
71.6%
Book 7A Crown of Swords
70.4%
Book Title % Correct
Book 6Lord of Chaos
65.9%
Book 4The Shadow Rising
64.6%
Book 11Knife of Dreams
62.5%
Book 5The Fires of Heaven
61.9%
Book 10Crossroads of Twilight
60.8%
Book 12The Gathering Storm
55.8%
Book 13Towers of Midnight
37.9%

From the Vault

NATO Phonetic Alphabet

by Matt

This is as close as most of us will come to being a pilot.
Remove Ads.
Support Sporcle.
Get the best of Sporcle when you Go Orange. This ad-free experience offers more features, more stats, and more fun while also helping to support Sporcle. Thank you for becoming a member.

Show Comments

Extras

Top Quizzes Today


Score Distribution

Your Account Isn't Verified!

In order to create a playlist on Sporcle, you need to verify the email address you used during registration. Go to your Sporcle Settings to finish the process.

Report this User

Report this user for behavior that violates our Community Guidelines.

Details: